000 00297nam a22001337a 4500
008 170606b xxu||||| |||| 00| 0 eng d
020 _a0833024957
041 _aeng
080 _2
_a94
100 _a18
101 _aSHH
245 _aANTICIPATING ETHNIC CONFLICT
_cTELLIS,A.J
942 _2udc
_cBK
999 _c16070
_d16070